A handbook of introductory statistical methods
Saved in:
| Main Author: | |
|---|---|
| Format: | Book |
| Language: | English |
| Published: |
Nueva York
John Wiley
1987
|
| Series: | Wiley series in probability and mathematical statistics
|
| Subjects: | |
| Tags: |
Add Tag
No Tags, Be the first to tag this record!
|
MARC
| LEADER | 00000nam a2200000 a 4500 | ||
|---|---|---|---|
| 001 | UCW1420 | ||
| 003 | CL-VaPUC | ||
| 008 | 920622e19870000US |||||||||||||||||eng|d | ||
| 082 | 0 | 4 | |a 519.5 |b COX |2 21 |
| 100 | 0 | |a Cox, Charles Philip |e author |9 305365 | |
| 245 | 1 | 2 | |a A handbook of introductory statistical methods |
| 300 | |a 272 p | ||
| 942 | |c BK | ||
| 945 | |d 19920622 00:00:00 | ||
| 260 | |a Nueva York |b John Wiley |c 1987 | ||
| 650 | 0 | |a Estadística |9 259535 | |
| 650 | 0 | |a Métodos estadísticos |9 259407 | |
| 583 | |a last modification |c 19920622 00:00:00 |k Rodrigo Vera | ||
| 490 | 0 | |a Wiley series in probability and mathematical statistics | |
| 999 | |c 216310 |d 216308 | ||
| 952 | |0 0 |1 0 |4 0 |6 519_500000000000000_COX_1987 |7 0 |8 A |9 201919 |a BIBGIM |b BIBGIM |d 2019-11-14 |i 269123K |o 519.5 COX 1987 |p 269123K |r 2025-01-15 |w 2019-11-14 |y BK |k EST | ||